[Event "CT Honour Class #09"]
[Site "SchemingMind.com"]
[Date "2013.10.29"]
[Round "-"]
[White "Munny"]
[Black "Ilang"]
[Result "1/2-1/2"]
[WhiteCountry "GER"]
[BlackCountry "HUN"]
[WhiteElo "2308"]
[WhiteRD "84"]
[BlackElo "2334"]
[BlackRD "66"]
[GameID "340660"]

1. e4 c6 2. d4 d5 3. Nc3 dxe4 4. f3 exf3 5. Nxf3 Bf5 6. Bc4 Nf6 7. Ne5 e6 8. O-O Bxc2 9. Qxc2 Qxd4+ 10. Kh1 Qxe5
11. Bf4 Qc5 12. Qb3 Nbd7 13. Qxb7 Rd8 14. Bc7 Bd6 15. Bxd8 Qh5 16. h3 Qe5 17. Kg1 Bc5+=
1/2-1/2

[Event "CT Honour Class #09"]
[Site "SchemingMind.com"]
[Date "2013.10.29"]
[Round "-"]
[White "Ilang"]
[Black "Munny"]
[Result "1-0"]
[WhiteCountry "HUN"]
[BlackCountry "GER"]
[WhiteElo "2334"]
[WhiteRD "66"]
[BlackElo "2308"]
[BlackRD "84"]
[GameID "340661"]

1. d4 Nf6 2. c4 g6 3. Nf3 Bg7 4. g3 O-O 5. Bg2 d6 6. Nc3 Nc6 7. O-O e5 8. d5 Ne7 9. e4 Nd7 10. Ne1 f5
11. Nd3 Nf6 12. Bg5 h6 13. Bxf6 Bxf6 14. f4 exf4 15. Nxf4 Be5 16. Qd2 g5 17. Ne6 Bxe6 18. dxe6 f4 19. Nd5 Ng6 20. gxf4 Bxf4
21. Qc3 c6 22. e7 Nxe7 23. Nf6+ Kf7 24. Nh5 Rg8 25. Qf6+ Ke8 26. Ng7+ Kd7 27. c5 Be5 28. Bh3+ Kc7 29. Ne6+ Kb8 30. Nxd8 Bxf6
31. Rxf6 Rxd8 32. cxd6 Nc8 33. Bxc8 Kxc8 34. Rd1 Kd7 35. e5 Re8 36. e6+ Rxe6 37. Rf7+ Ke8 38. Rdf1
1-0

[Event "CT Honour Class #09"]
[Site "SchemingMind.com"]
[Date "2013.10.31"]
[Round "-"]
[White "chesshub"]
[Black "Ilang"]
[Result "1-0"]
[WhiteCountry "FRA"]
[BlackCountry "HUN"]
[WhiteElo "2527"]
[WhiteRD "74"]
[BlackElo "2357"]
[BlackRD "67"]
[GameID "341117"]

1. e4 c6 2. d4 d5 3. e5 Bf5 4. Nf3 e6 5. Be2 Nd7 6. O-O h6 7. b3 Ne7 8. c4 Ng6 9. cxd5 cxd5 10. Bd3 Bxd3
11. Qxd3 Be7 12. Bd2 O-O 13. Nc3 a6 14. g3 Rc8 15. h4 Re8 16. Kg2 Ngf8 17. Ne2 Nb8 18. Nf4 Nc6 19. a3 Nd7 20. Rfe1 b5
21. Rec1 Rc7 22. Kh3 Rc8 23. g4 Nf8 24. Rg1 Kh8= 25. Nh5 Qc7 26. g5 hxg5 27. Nxg5 Bxg5 28. Rxg5 Nxe5 29. dxe5 Qc2 30. Qe3
1-0

[Event "CT Honour Class #09"]
[Site "SchemingMind.com"]
[Date "2013.10.31"]
[Round "-"]
[White "chesshub"]
[Black "Munny"]
[Result "1/2-1/2"]
[WhiteCountry "FRA"]
[BlackCountry "GER"]
[WhiteElo "2474"]
[WhiteRD "72"]
[BlackElo "2302"]
[BlackRD "76"]
[GameID "341118"]

1. d4 Nf6 2. c4 g6 3. Nf3 Bg7 4. Nc3 O-O 5. e4 d6 6. h3 e5 7. d5 Na6 8. Bg5 Qe8 9. g4 Nd7 10. Be2 Ndc5
11. Rg1 Kh8 12. a3 f5 13. gxf5 gxf5 14. exf5 Bxf5 15. Nh4 Bd7 16. Qc2 Qf7 17. O-O-O Bf6 18. Kb1 Qe7 19. Nf5 Bxf5 20. Qxf5 Bxg5
21. Qxg5 Qxg5 22. Rxg5 Rxf2 23. b4 Ne4 24. Nxe4 Rxe2 25. Rg4 Rg8 26. Ng5 h6 27. Nf7+ Kh7 28. Nxh6 Rf8 29. Rdg1 Rff2=
1/2-1/2

[Event "CT Honour Class #09"]
[Site "SchemingMind.com"]
[Date "2013.10.31"]
[Round "-"]
[White "Ilang"]
[Black "chesshub"]
[Result "1/2-1/2"]
[WhiteCountry "HUN"]
[BlackCountry "FRA"]
[WhiteElo "2334"]
[WhiteRD "66"]
[BlackElo "2496"]
[BlackRD "74"]
[GameID "341119"]

1. d4 Nf6 2. c4 e6 3. Nf3 b6 4. g3 Bb7 5. Bg2 Be7 6. O-O O-O 7. Nc3 Ne4 8. Qc2 Nxc3 9. Qxc3 c5 10. Rd1 d6
11. b3 Bf6 12. Bb2 Qe7 13. Qc2 Nc6 14. Rd2 Nb4 15. Qb1 Rac8 16. e4 cxd4 17. Nxd4 Be5 18. f4 Bxd4+ 19. Bxd4 e5 20. Bc3 Na6
21. Qb2=
1/2-1/2

[Event "CT Honour Class #09"]
[Site "SchemingMind.com"]
[Date "2013.10.31"]
[Round "-"]
[White "Munny"]
[Black "chesshub"]
[Result "1-0"]
[WhiteCountry "GER"]
[BlackCountry "FRA"]
[WhiteElo "2302"]
[WhiteRD "76"]
[BlackElo "2474"]
[BlackRD "72"]
[GameID "341120"]

1. e4 c5 2. Nf3 d6 3. d4 cxd4 4. Nxd4 Nf6 5. Nc3 a6 6. Bg5 e6 7. f4 Qb6 8. Qd2 Qxb2 9. Rb1 Qa3 10. e5 dxe5
11. fxe5 Nfd7 12. Ne4 h6 13. Bh4 Qxa2 14. Rd1 Qd5 15. Qe3 Qxe5 16. Be2 Bc5 17. Bg3 Bxd4 18. Rxd4 Qa5+ 19. Rd2 O-O 20. Bd6 Rd8
21. Qg3 Qf5 22. Be5 Qg6 23. Qh4 Nc6 24. Bh5 Qf5 25. Bxg7 Nc5 26. Nxc5 Kxg7 27. Rf1 Qe5+ 28. Ne4 Qa1+ 29. Rd1 Rxd1+ 30. Bxd1 Qe5
31. Rf6 Qxe4+ 32. Qxe4 Kxf6 33. Qf4+ Ke7 34. Qxh6 a5 35. Qg5+ Kd6 36. c4 a4 37. c5+ Kd7 38. Qf4
1-0

[Event "CT Honour Class #09"]
[Site "SchemingMind.com"]
[Date "2013.11.01"]
[Round "-"]
[White "Ezedoke"]
[Black "Ilang"]
[Result "1-0"]
[WhiteCountry "ARG"]
[BlackCountry "HUN"]
[WhiteElo "2510"]
[WhiteRD "89"]
[BlackElo "2357"]
[BlackRD "67"]
[GameID "341129"]

1. e4 c6 2. d4 d5 3. e5 Bf5 4. Be2 e6 5. Nf3 Nd7 6. O-O h6 7. Nbd2 Ne7 8. Nb3 Bh7 9. Bd2 Qc7 10. a4 c5
11. Nxc5 Nxc5 12. dxc5 Nc6 13. Be3 Be7 14. a5 Nxa5 15. b4 Nc6 16. b5 Nxe5 17. Nxe5 Qxe5 18. Bd4 Qb8 19. Bxg7 Rg8 20. Bd4 e5
21. Bb2 d4 22. c3 dxc3 23. Bxc3 Bxc5 24. Qd5 Qc7 25. b6 Qxb6 26. Bc4 Bg6 27. Rab1 Qd6 28. Qxb7 Rd8 29. Rb5
1-0

[Event "CT Honour Class #09"]
[Site "SchemingMind.com"]
[Date "2013.11.01"]
[Round "-"]
[White "Ezedoke"]
[Black "chesshub"]
[Result "1-0"]
[WhiteCountry "ARG"]
[BlackCountry "FRA"]
[WhiteElo "2560"]
[WhiteRD "79"]
[BlackElo "2449"]
[BlackRD "74"]
[GameID "341130"]

1. e4 c5 2. Nf3 d6 3. d4 cxd4 4. Nxd4 Nf6 5. Nc3 a6 6. Be3 e5 7. Nb3 Be6 8. f3 Be7 9. Qd2 O-O 10. O-O-O Nbd7
11. g4 b5 12. g5 b4 13. Ne2 Ne8 14. f4 g6 15. h4 a5 16. h5 a4 17. Nbd4 b3 18. Kb1 exd4 19. Nxd4 Qc8 20. Qh2 Bg4
21. hxg6 h5 22. gxf7+ Rxf7 23. Be2 Bxe2 24. Qxe2 Ng7 25. g6 Rf6 26. f5 Qa6 27. Bg5 Rxf5 28. Qxa6 Rxa6 29. Nxf5 bxc2+ 30. Kxc2 Rc6+
31. Kb1 Bxg5 32. Rxd6 Rxd6 33. Nxd6 Ne5 34. Nf5 Nd3 35. Rd1 Nc5 36. Nh6+ Kf8 37. Rf1+ Ke8 38. Nf7 Be7 39. e5 h4 40. Nd6+ Bxd6
41. exd6 Nce6 42. Kc2 Kd7 43. Rh1 Nf5 44. Kc3 a3 45. b4 Kxd6 46. Kb3 Ne7 47. Rg1 h3 48. Kxa3 h2 49. Rh1 Nxg6 50. Rxh2 Ne5
51. Kb3 Nd4+ 52. Kb2 Kd5 53. Rh5 Ne6 54. a4 Nf4 55. Rh4 Nfg6 56. Rh6 Ne7 57. Rh7
1-0

[Event "CT Honour Class #09"]
[Site "SchemingMind.com"]
[Date "2013.11.01"]
[Round "-"]
[White "Ezedoke"]
[Black "Munny"]
[Result "1-0"]
[WhiteCountry "ARG"]
[BlackCountry "GER"]
[WhiteElo "2527"]
[WhiteRD "78"]
[BlackElo "2302"]
[BlackRD "76"]
[GameID "341131"]

1. e4 c5 2. Nf3 d6 3. d4 cxd4 4. Nxd4 Nf6 5. Nc3 a6 6. Be3 e5 7. Nb3 Be6 8. f3 Be7 9. Qd2 O-O 10. O-O-O Nbd7
11. g4 b5 12. g5 b4 13. Ne2 Ne8 14. f4 a5 15. f5 a4 16. Nbd4 exd4 17. Nxd4 b3 18. Kb1 bxc2+ 19. Nxc2 Bb3 20. axb3 axb3
21. Na3 Ne5 22. Qg2 Qb8 23. Bf4 Ra4 24. f6 Bd8 25. Rd5 Ra5 26. Rxa5 Bxa5 27. Bxe5 dxe5 28. Bc4 g6 29. Nb5 Nd6 30. Qh3 h5
31. Nxd6 Qxd6 32. Qxb3 Qd2 33. Qb5 Qb4 34. Qxb4 Bxb4 35. Kc2 Bc5 36. Kd3 Rb8 37. Rc1 Bd4 38. b3 Rd8 39. Ke2 Bb6 40. b4 Rd4
41. Bd5 Rxb4 42. Rc8+
1-0

[Event "CT Honour Class #09"]
[Site "SchemingMind.com"]
[Date "2013.10.31"]
[Round "-"]
[White "Ilang"]
[Black "Ezedoke"]
[Result "1/2-1/2"]
[WhiteCountry "HUN"]
[BlackCountry "ARG"]
[WhiteElo "2357"]
[WhiteRD "67"]
[BlackElo "2510"]
[BlackRD "89"]
[GameID "341132"]

1. d4 Nf6 2. c4 e6 3. Nf3 b6 4. g3 Ba6 5. b3 Bb4+ 6. Bd2 Be7 7. Bg2 c6 8. Bc3 d5 9. Ne5 Nfd7 10. Nxd7 Nxd7
11. Nd2 O-O 12. O-O f5 13. Qc2 Bb7 14. b4 Nf6 15. a4 Ne4 16. Nxe4 fxe4 17. f4 exf3 18. exf3 c5 19. dxc5 d4 20. Bb2 bxc5
21. b5 e5 22. Rae1 Bd6 23. Bc1 Rb8 24. Qe2 Kh8 25. Bd2 Qc7 26. a5 Ba8 27. Qd3= h6 28. a6 Rf6 29. f4 exf4 30. Bxf4 Bxf4
31. Rxf4 Rxf4 32. gxf4 Bxg2 33. Kxg2 Qxf4 34. Qg3 Qd2+ 35. Kh3 Rf8 36. b6 axb6 37. Re7 Rg8 38. a7=
1/2-1/2

[Event "CT Honour Class #09"]
[Site "SchemingMind.com"]
[Date "2013.10.31"]
[Round "-"]
[White "chesshub"]
[Black "Ezedoke"]
[Result "1/2-1/2"]
[WhiteCountry "FRA"]
[BlackCountry "ARG"]
[WhiteElo "2474"]
[WhiteRD "72"]
[BlackElo "2527"]
[BlackRD "78"]
[GameID "341133"]

1. c4 Nf6 2. Nc3 e6 3. e4 c5 4. e5 Ng8 5. Nf3 d6 6. exd6 Bxd6 7. d4 cxd4 8. Nxd4 a6 9. Be2 Nf6 10. Be3 O-O
11. O-O Qc7 12. h3 Rd8 13. Qc2 Bh2+ 14. Kh1 Bf4 15. Bxf4 Qxf4 16. Nf3 Nc6 17. Rad1 Bd7 18. Qd2 Qxd2 19. Rxd2 Be8 20. Rfd1 h6
21. g4 g5 22. Kh2 Rxd2 23. Rxd2 Kf8 24. a3 Nd7 25. Na4 Rb8 26. b4 Nce5 27. Nxe5 Nxe5 28. Nb6 Ke7 29. c5 Rd8 30. Rxd8 Kxd8
31. Kg3 Bb5 32. Bd1 f5 33. gxf5 exf5 34. f4 Nd3 35. Nd5 Bc6 36. Bb3 a5 37. Bc4 Nb2 38. Nb6 axb4 39. axb4 Nxc4 40. Nxc4 Kd7
41. fxg5 hxg5 42. h4 f4+=
1/2-1/2

[Event "CT Honour Class #09"]
[Site "SchemingMind.com"]
[Date "2013.10.31"]
[Round "-"]
[White "Munny"]
[Black "Ezedoke"]
[Result "0-1"]
[WhiteCountry "GER"]
[BlackCountry "ARG"]
[WhiteElo "2302"]
[WhiteRD "76"]
[BlackElo "2527"]
[BlackRD "78"]
[GameID "341134"]

1. e4 c5 2. Nf3 Nc6 3. d4 cxd4 4. Nxd4 Nf6 5. Nc3 e5 6. Ndb5 d6 7. Bg5 a6 8. Na3 b5 9. Bxf6 gxf6 10. Nd5 f5
11. c3 Bg7 12. exf5 Bxf5 13. Nc2 O-O 14. Nce3 Be6 15. Bd3 f5 16. O-O Ra7 17. a4 Ne7 18. Nxe7+ Rxe7 19. axb5 axb5 20. Bxb5 d5
21. Ra6 f4 22. Rxe6 Rxe6 23. Qxd5 Qxd5 24. Nxd5 Rb8 25. Bc4 Kh8 26. Ra1 e4 27. b3 Rd6 28. f3 e3 29. Kf1 Be5 30. g4 Rdd8
31. Ke2 Ra8 32. Rxa8 Rxa8 33. b4 Kg7 34. h4 Ra1 35. Kd3 Bd6 36. h5 Rf1 37. Ke4 Rf2 38. Nxe3 fxe3 39. Kxe3 Rb2 40. Kd4 Kf6
41. Bd3 Be5+ 42. Kc4 h6 43. b5 Ke7 44. Be4 Kd6
0-1

[Event "CT Honour Class #09"]
[Site "SchemingMind.com"]
[Date "2013.10.31"]
[Round "-"]
[White "PunditX"]
[Black "chesshub"]
[Result "1/2-1/2"]
[WhiteCountry "PHI"]
[BlackCountry "FRA"]
[WhiteElo "2553"]
[WhiteRD "72"]
[BlackElo "2474"]
[BlackRD "72"]
[GameID "341155"]

1. c4 e5 2. Nc3 Nf6 3. g3 Bb4 4. Bg2 O-O 5. Nf3 Re8 6. O-O e4 7. Nd4 Nc6 8. Nc2 Bxc3 9. dxc3 h6 10. Ne3 d6
11. Qc2 a5 12. Rd1 b6 13. Rb1 a4 14. b4 axb3 15. axb3 Ne5 16. h3 h5 17. Nf1 Qd7 18. Be3 Bb7 19. Ra1 Qe6 20. Rxa8 Rxa8
21. Qb2 h4 22. g4 Nfxg4 23. hxg4 Qxg4 24. Nh2 Qg6 25. Kh1 h3 26. Bf1 f5 27. Ra1 Re8 28. Qa2 Qf7 29. Bf4 e3+ 30. f3 Ng4
31. Bg3 Nf2+ 32. Bxf2 exf2 33. e3 Ra8 34. Qxa8+ Bxa8 35. Rxa8+ Kh7 36. Bxh3 Qg6 37. Ra1 Kg8 38. Rf1 Qf6= 39. Kg2 Qxc3 40. Bxf5 Qxb3
41. Rxf2 Qxc4 42. Be4 Qb3 43. Nf1 d5 44. Bg6 Qa3 45. Rd2 c6 46. f4 Qd6 47. f5 c5 48. Ng3 Kf8 49. Ne2 Qe5 50. Nf4 d4
51. Rd3 b5 52. Kf3 Ke7 53. exd4 cxd4 54. Ne2 Qd5+ 55. Kf4 b4 56. Nxd4 Kf6 57. Ke3 Qe5+ 58. Kd2 Qd5 59. Be8 Qg2+ 60. Kc1 Qf1+
61. Kc2 b3+ 62. Nxb3=
1/2-1/2

[Event "CT Honour Class #09"]
[Site "SchemingMind.com"]
[Date "2013.10.31"]
[Round "-"]
[White "PunditX"]
[Black "Munny"]
[Result "1-0"]
[WhiteCountry "PHI"]
[BlackCountry "GER"]
[WhiteElo "2554"]
[WhiteRD "70"]
[BlackElo "2309"]
[BlackRD "85"]
[GameID "341156"]

1. c4 Nf6 2. Nc3 g6 3. e4 d6 4. d4 Bg7 5. Nf3 O-O 6. Be2 Nc6 7. d5 Nb8 8. O-O e5 9. Bg5 h6 10. Be3 Ng4
11. Bd2 f5 12. exf5 gxf5 13. g3 Na6 14. Nh4 Bd7 15. Qc2 f4 16. a3 c6 17. dxc6 bxc6 18. Ne4 Be6 19. Rad1 Nf6 20. Bd3 Bg4
21. Bc3 Bxd1 22. Rxd1 d5 23. Nxf6+ Qxf6 24. cxd5 cxd5 25. Bh7+ Kh8 26. Bxe5
1-0

[Event "CT Honour Class #09"]
[Site "SchemingMind.com"]
[Date "2013.10.31"]
[Round "-"]
[White "PunditX"]
[Black "Ezedoke"]
[Result "1/2-1/2"]
[WhiteCountry "PHI"]
[BlackCountry "ARG"]
[WhiteElo "2553"]
[WhiteRD "72"]
[BlackElo "2527"]
[BlackRD "78"]
[GameID "341157"]

1. c4 Nf6 2. Nc3 e6 3. d4 Bb4 4. e3 O-O 5. Bd3 d5 6. Nf3 b6 7. O-O Bb7 8. cxd5 exd5 9. a3 Bd6 10. b4 Nbd7
11. Qb3 c6 12. e4 dxe4 13. Nxe4 Nxe4 14. Bxe4 a5 15. Bg5 Qc7 16. Rac1 axb4 17. axb4 h6 18. Bh4 Rfe8 19. Bd3 Nf8 20. Bg3 Bxg3
21. hxg3 Qd6 22. Bc4 Re7 23. Rfe1 Ne6 24. Re3 b5 25. Bxe6 Rxe6 26. Re5 Bc8 27. Rec5 Bd7 28. d5 cxd5 29. Rxd5 Qe7 30. Rc7 Rd6
31. Qd1 Rxd5 32. Qxd5 Ra1+ 33. Kh2 Be6 34. Qe5 Qf6 35. Qxf6 gxf6 36. Rb7 Rf1 37. Rxb5 Rxf2 38. Rb8+ Kg7 39. g4 Rc2 40. Nd4 Rc4
41. Nf5+ Kg6 42. b5 Bxf5 43. gxf5+ Kxf5 44. b6=
1/2-1/2

[Event "CT Honour Class #09"]
[Site "SchemingMind.com"]
[Date "2013.10.31"]
[Round "-"]
[White "chesshub"]
[Black "PunditX"]
[Result "1/2-1/2"]
[WhiteCountry "FRA"]
[BlackCountry "PHI"]
[WhiteElo "2527"]
[WhiteRD "74"]
[BlackElo "2554"]
[BlackRD "70"]
[GameID "341159"]

1. d4 Nf6 2. c4 e6 3. Nf3 d5 4. Nc3 Be7 5. Bf4 O-O 6. e3 Nbd7 7. Qc2 c5 8. dxc5 Nxc5 9. Be2 dxc4 10. Bxc4 a6
11. a4 Qa5 12. O-O b6 13. Rfd1 Bb7 14. Nd2 Qb4 15. Bf1 Nd5 16. Be5 Rfc8 17. Bd4 h6 18. Rdc1 Bf6 19. Nxd5 Bxd5 20. Qc3 a5
21. Qxb4 axb4 22. a5 bxa5 23. Rxc5 Rxc5 24. Bxc5 Bxb2 25. Ra4 Bc6 26. Ra2 Bc3 27. Nb1 Bf6 28. Nd2 Bd5 29. Nc4 Bd8 30. Rd2 f5
31. g3 Rb8 32. h4 Bf6 33. Ra2 Bc3 34. Rxa5 b3 35. Ra4 b2 36. Nxb2 Rxb2 37. Bg2 Ra2 38. Rxa2=
1/2-1/2

[Event "CT Honour Class #09"]
[Site "SchemingMind.com"]
[Date "2013.10.31"]
[Round "-"]
[White "Munny"]
[Black "PunditX"]
[Result "0-1"]
[WhiteCountry "GER"]
[BlackCountry "PHI"]
[WhiteElo "2302"]
[WhiteRD "76"]
[BlackElo "2553"]
[BlackRD "72"]
[GameID "341160"]

1. e4 e6 2. d4 d5 3. Nc3 Bb4 4. e5 c5 5. a3 Bxc3+ 6. bxc3 Ne7 7. Qg4 O-O 8. Bd3 f5 9. exf6 Rxf6 10. Bg5 Rf7
11. Qh5 g6 12. Qd1 Qa5 13. Bd2 c4 14. Be2 Nbc6 15. Nf3 Bd7 16. O-O Nf5 17. Re1 Raf8 18. Qc1 b5 19. Ng5 Re7 20. f4 Qb6
21. Nf3 a6 22. Ne5 Ncxd4 23. cxd4 Qxd4+ 24. Kh1 c3 25. Bd3 cxd2 26. Qxd2 Nd6 27. g3 Be8 28. Qb4 Qb6 29. Kg2 Rc7 30. a4 a5
31. Qb2 b4 32. Ng4 Rc3 33. Rxe6 Bd7 34. Nf6+ Rxf6 35. Rxf6 Kg7 36. Rxd6 Qxd6 37. Qb1 d4 38. Qd1 b3 39. cxb3 Qd5+ 40. Kf2 Bh3
0-1

[Event "CT Honour Class #09"]
[Site "SchemingMind.com"]
[Date "2013.11.01"]
[Round "-"]
[White "Ezedoke"]
[Black "PunditX"]
[Result "1/2-1/2"]
[WhiteCountry "ARG"]
[BlackCountry "PHI"]
[WhiteElo "2527"]
[WhiteRD "78"]
[BlackElo "2553"]
[BlackRD "72"]
[GameID "341161"]

1. e4 e6 2. d4 d5 3. Nd2 c5 4. Ngf3 cxd4 5. exd5 Qxd5 6. Bc4 Qd6 7. O-O Nf6 8. Nb3 Nc6 9. Nbxd4 Nxd4 10. Nxd4 Be7
11. b3 O-O 12. Bb2 Qc7 13. Qf3 a6 14. a4 Bd7 15. Qe2 Bd6 16. Nf3 Bc6 17. h3 Rad8 18. Rad1 b5 19. axb5 axb5 20. Bd3 Nh5
21. g3 Ba8 22. Be4 Bc5 23. Kg2 Bxe4 24. Qxe4 Nf6 25. Bxf6 gxf6 26. c3 Ba3 27. Qg4+ Kh8 28. Qh5 Qb7 29. Rfe1 Rxd1 30. Rxd1 Rc8
31. Rd3 Bf8 32. Kh2 h6 33. b4 Bg7 34. Nd4 f5 35. Nb3 Rc7 36. Nc5 Qc6 37. Qd1= Kh7 38. Rd6 Qe8 39. Qd3 Ra7 40. Rd7 Rxd7
41. Nxd7 Qd8 42. Qxb5 Bxc3 43. Qb7 Bxb4 44. Ne5 Qf6=
1/2-1/2

[Event "CT Honour Class #09"]
[Site "SchemingMind.com"]
[Date "2013.11.05"]
[Round "-"]
[White "John Elburg"]
[Black "Ilang"]
[Result "1-0"]
[WhiteCountry "NED"]
[BlackCountry "HUN"]
[WhiteElo "2578"]
[WhiteRD "93"]
[BlackElo "2334"]
[BlackRD "66"]
[GameID "341443"]

1. e4 c6 2. d4 d5 3. Nc3 dxe4 4. Nxe4 Bf5 5. Ng3 Bg6 6. h4 h6 7. Nf3 Nd7 8. h5 Bh7 9. Bd3 Bxd3 10. Qxd3 e6
11. Bd2 Ngf6 12. O-O-O Be7 13. Qe2 c5 14. dxc5 Qc7 15. Rh4 Bxc5 16. Ne4 Nxe4 17. Rxe4 Nf6 18. Rc4 b5 19. Rc3 Qb6 20. Ne5 Rd8
21. Rg3 b4 22. Rxg7 Rd5 23. c4 bxc3 24. Bxc3 Rf8 25. Qf3 Rxd1+ 26. Kxd1 Be7 27. Ke1 Bd8 28. g4 Qc5 29. Qa8
1-0

[Event "CT Honour Class #09"]
[Site "SchemingMind.com"]
[Date "2013.11.06"]
[Round "-"]
[White "John Elburg"]
[Black "chesshub"]
[Result "1-0"]
[WhiteCountry "NED"]
[BlackCountry "FRA"]
[WhiteElo "2578"]
[WhiteRD "92"]
[BlackElo "2474"]
[BlackRD "72"]
[GameID "341444"]

1. e4 c5 2. Nf3 d6 3. d4 cxd4 4. Nxd4 Nf6 5. Nc3 a6 6. Bg5 e6 7. f4 Qb6 8. Qd2 Qxb2 9. Rb1 Qa3 10. e5 dxe5
11. fxe5 Nfd7 12. Ne4 h6 13. Bh4 Qxa2 14. Rd1 Qd5 15. Qe3 Qxe5 16. Be2 Bc5 17. Bg3 Bxd4 18. Rxd4 Qa5+ 19. Rd2 O-O 20. Bd6 Rd8
21. Qg3 Qf5 22. Be5 Qg6 23. Qh4 Nc6 24. Bh5 Qf5 25. Bxg7 Nc5 26. Nxc5 Kxg7 27. Rf1 Qe5+ 28. Ne4 Qa1+ 29. Rd1 Rxd1+ 30. Bxd1 Qe5
31. Rf6 Bd7 32. Qxh6+ Kg8 33. Rf4 f5 34. Rh4 Rd8 35. Rh3 Qxe4+ 36. Kf1 Qe5 37. Rg3+ Qxg3 38. hxg3 Be8 39. Bf3 Rd6 40. g4 fxg4
41. Be4 Rd1+ 42. Kf2 Rd7 43. Qxe6+ Kf8 44. Qxg4 a5 45. Qg5 a4 46. Qh6+ Kg8 47. Qe6+ Kf8 48. Bd5 Nd8 49. Qh6+ Ke7 50. Qe3+ Kf8
51. c4 Bf7 52. Qa3+ Ke8 53. Qxa4 Ke7 54. Qb4+ Ke8 55. g4
1-0

[Event "CT Honour Class #09"]
[Site "SchemingMind.com"]
[Date "2013.11.06"]
[Round "-"]
[White "John Elburg"]
[Black "Munny"]
[Result "1/2-1/2"]
[WhiteCountry "NED"]
[BlackCountry "GER"]
[WhiteElo "2578"]
[WhiteRD "92"]
[BlackElo "2302"]
[BlackRD "76"]
[GameID "341445"]

1. e4 c5 2. Nf3 d6 3. d4 cxd4 4. Nxd4 Nf6 5. Nc3 a6 6. Bg5 e6 7. f4 b5 8. e5 dxe5 9. fxe5 Qc7 10. exf6 Qe5+
11. Be2 Qxg5 12. O-O Ra7 13. Qd3 Rd7 14. Ne4 Qe5 15. Nf3 Qxb2 16. Qe3 Bb7 17. a4 Qb4 18. c4 Bxe4 19. Qxe4 gxf6 20. axb5 Qc5+
21. Kh1 Bg7 22. Rad1 axb5 23. cxb5 O-O 24. Rc1 Qb6 25. Qf4 Rfd8 26. Rc2 Rd5 27. g3 f5 28. g4 Kf8 29. Rg1 fxg4 30. Ng5 Rf5
31. Qxg4 Bd4 32. Nxh7+ Ke8 33. Bd3 Bxg1 34. Bxf5 Bd4 35. Qg8+ Ke7 36. Qg5+ Ke8 37. Qg8+=
1/2-1/2

[Event "CT Honour Class #09"]
[Site "SchemingMind.com"]
[Date "2013.11.06"]
[Round "-"]
[White "John Elburg"]
[Black "Ezedoke"]
[Result "1/2-1/2"]
[WhiteCountry "NED"]
[BlackCountry "ARG"]
[WhiteElo "2578"]
[WhiteRD "92"]
[BlackElo "2527"]
[BlackRD "78"]
[GameID "341446"]

1. e4 c5 2. Nf3 Nc6 3. d4 cxd4 4. Nxd4 Nf6 5. Nc3 e5 6. Ndb5 d6 7. Bg5 a6 8. Na3 b5 9. Bxf6 gxf6 10. Nd5 f5
11. Bd3 Be6 12. c3 Bg7 13. Nxb5 axb5 14. Bxb5 Rc8 15. Qa4 Bd7 16. exf5 h5 17. O-O Rh6 18. Rfd1 Kf8 19. Qe4 Ne7 20. Bxd7 Qxd7
21. a4 Nxd5 22. Qxd5 Qxf5 23. a5 Qe6 24. Qe4 Rh8 25. a6 Ke7 26. b4 Rc4 27. Qe2 e4 28. a7 Ra8 29. b5 d5 30. Ra6 Qd7
31. Qxh5 Qxb5 32. Qg5+ Kf8 33. Rd6 f6 34. Rxf6+ Bxf6 35. Qxf6+=
1/2-1/2

[Event "CT Honour Class #09"]
[Site "SchemingMind.com"]
[Date "2013.11.05"]
[Round "-"]
[White "John Elburg"]
[Black "PunditX"]
[Result "1-0"]
[WhiteCountry "NED"]
[BlackCountry "PHI"]
[WhiteElo "2570"]
[WhiteRD "91"]
[BlackElo "2573"]
[BlackRD "76"]
[GameID "341447"]

1. e4 e6 2. d4 d5 3. Nc3 Bb4 4. e5 c5 5. a3 Bxc3+ 6. bxc3 Ne7 7. a4 Nbc6 8. Nf3 Qa5 9. Bd2 Qc7 10. Bb5 c4
11. Bc1 O-O 12. Bxc6 Nxc6 13. Ba3 Re8 14. O-O Qd8 15. Qd2 b6 16. Rfb1 Bd7 17. Qf4 h6 18. h4 Na5 19. Bb4 Nb7 20. Ra2 a5
21. Ba3 Bxa4 22. Qg4 Kh7 23. Qh5 Qc7 24. Bd6 Qd7 25. Rxb6 Nd8 26. Ng5+ Kg8 27. Nh3 Ra7 28. Nf4 Rb7 29. Rxb7 Nxb7 30. Ba3 Kh7
31. Qg4 Rg8 32. Nh5 Qe8 33. Rb2 Qc8 34. Be7 Be8 35. Bf6 g6 36. Nf4 Bc6 37. h5 g5 38. Nh3 a4 39. Kh2 a3 40. Ra2 Qf8
41. f4 gxf4 42. Qxf4 Nc5 43. dxc5 d4 44. g4 Qxc5 45. cxd4 Qd5 46. Kg3 Qg2+ 47. Kh4 Bf3 48. g5 hxg5+ 49. Bxg5 Bxh5 50. Rxa3 Bg6
51. Rc3 Bf5 52. Qf3 Qxf3 53. Rxf3 Bg6 54. Nf4 Bf5 55. Rc3 Rc8 56. Nh5 Kg6 57. Bc1 Kh7 58. Nf6+ Kg7 59. Kg5 Bg6 60. Bb2 Rc6
61. d5 exd5 62. Ra3 Rc8 63. Bd4 c3 64. Ra7 Bxc2 65. e6 Bg6 66. Ng4+ Kg8 67. Nh6+ Kh7 68. Nxf7 Rg8 69. Nh6+ Bf7+ 70. Nxg8 c2
71. Nf6+ Kh8 72. Ra8+ Kg7 73. Nxd5+
1-0

[Event "CT Honour Class #09"]
[Site "SchemingMind.com"]
[Date "2013.11.05"]
[Round "-"]
[White "Ilang"]
[Black "John Elburg"]
[Result "0-1"]
[WhiteCountry "HUN"]
[BlackCountry "NED"]
[WhiteElo "2334"]
[WhiteRD "66"]
[BlackElo "2578"]
[BlackRD "93"]
[GameID "341448"]

1. d4 f5 2. Nf3 Nf6 3. Bg5 e6 4. e4 fxe4 5. Ne5 Be7 6. Nd2 O-O 7. Bxf6 gxf6 8. Ng4 f5 9. Ne3 d5 10. Nb3 f4
11. Ng4 Qd6 12. h3 Nc6 13. Be2 a5 14. a4 h5 15. Nh2 e5 16. Bxh5 exd4 17. Bg4 Bf6 18. Bxc8 Raxc8 19. O-O f3 20. gxf3 Kf7
21. fxe4 Rh8 22. f4 dxe4 23. Qe2 Rcg8+ 24. Kh1 Rxh3 25. Qxe4 Re8 26. Qf5 Reh8 27. Rf2 R8h5 28. Qe4 Bh4 29. Rf3 Bg3 30. Rxg3 Rxg3
31. Re1 Qd7 32. f5 Qxf5 33. Qxf5+ Rxf5 34. Re2 b5 35. axb5 Rxb5 36. Rf2+ Kg8
0-1

[Event "CT Honour Class #09"]
[Site "SchemingMind.com"]
[Date "2013.11.05"]
[Round "-"]
[White "chesshub"]
[Black "John Elburg"]
[Result "0-1"]
[WhiteCountry "FRA"]
[BlackCountry "NED"]
[WhiteElo "2496"]
[WhiteRD "74"]
[BlackElo "2578"]
[BlackRD "93"]
[GameID "341449"]

1. d4 f5 2. g3 Nf6 3. Bg2 e6 4. c4 c6 5. Nh3 d6 6. Nc3 Be7 7. O-O O-O 8. Qb3 Qb6 9. Qd1 Qd8 10. Qc2 d5
11. Rd1 a5 12. b3 Na6 13. a3 Bd7 14. Nf4 Rc8 15. Nd3 c5 16. cxd5 cxd4 17. Ne5 Rxc3
0-1

[Event "CT Honour Class #09"]
[Site "SchemingMind.com"]
[Date "2013.11.05"]
[Round "-"]
[White "Munny"]
[Black "John Elburg"]
[Result "0-1"]
[WhiteCountry "GER"]
[BlackCountry "NED"]
[WhiteElo "2302"]
[WhiteRD "76"]
[BlackElo "2578"]
[BlackRD "92"]
[GameID "341450"]

1. e4 e5 2. Nf3 Nc6 3. Bc4 Nf6 4. Ng5 d5 5. exd5 Na5 6. Bb5+ c6 7. dxc6 bxc6 8. Be2 h6 9. Nh3 Be7 10. d3 O-O
11. Nc3 Rb8 12. O-O Qc7 13. Kh1 Rd8 14. Qe1 Bxh3 15. gxh3 c5 16. Rg1 Kh8 17. Be3 Nc6 18. Qc1 Bf8 19. Ne4 Nd5 20. Bd2 f5
21. Nc3 Nf4 22. Bxf4 exf4 23. Bh5 Nd4 24. f3 Qe7 25. Qxf4 Rxb2 26. Rae1 Qd7 27. Ne2 Nxc2
0-1